| 000 | 01133nam a2200301Ia 4500 | ||
|---|---|---|---|
| 001 | Para_1171 | ||
| 003 | CHAP | ||
| 008 | 220125s1997 xx 000 0 und d | ||
| 010 | _a199897 | ||
| 040 | _cCHAP | ||
| 090 | _aPA TESIS 1137 | ||
| 100 |
_aSantiago Basilio, Joaquín _9102317 |
||
| 245 |
_aComportamiento de la vena negra de las cruciferas causado por Xanthomonas Campestris pv. campestris (Pams), Dows, en col Brassica oleracea var. capitata L. ante la aplicación en la bacteria antagonica CAE-01, en invernadero, Chapingo, Méx. / _c por Joaquín Santiago Basilio |
||
| 260 |
_aChapingo, Méx. : _b El autor |
||
| 300 | _a34 h. | ||
| 502 | _aTesis (Ing. Agr. Esp. en Parasitología Agrícola), UACh. Depto. Parasitología | ||
| 650 |
_aBacterias fitopatógenas _99326 |
||
| 650 |
_aCol _x enfermedades _924485 |
||
| 650 |
_aXanthomonas _9122882 |
||
| 710 |
_aUACh. Departamento Parasitología Agrícola _9164025 |
||
| 901 | _aPA TESIS 1137 | ||
| 902 | _aA | ||
| 905 | _a0000001997 i 0000000000 00 | ||
| 910 | _a1997 | ||
| 942 | _cPARA | ||
| 942 |
_cPARA _d1 |
||
| 999 |
_c199897 _d199897 |
||